000 00834nam a22002417a 4500
999 _c11973
_d11973
003 AR-CdUCM
008 190305b ||||| |||| 00| 0 spa d
040 _aMUNICIPALIDAD PROVINCIAL DEL CUSCO
_cBIBLIOTECA MUNICIPAL DEL CUSCO
082 _a373.22 /
_bAM54 / 1945
100 _aAmor, Concepción S
_910122
245 _aEl Método Cousinet /
260 _aBuenos Aires :
_bLosada,
_c1945.
300 _a121 paginas ;
_c19cm.
440 _aPublicaciones de la revista de pedagogia
_n5
_910123
500 _aLa nueva educación
505 _aContenido : El método -- Cómo se constituye el equipo -- Marcha practica -- Las ciencias naturales -- La historia...
650 _aCousinet
_910124
650 _aMetodo
_91191
650 _aCuentos
_9217
650 _aSiglo XX
_98
942 _2ddc
_cLIBROS
945 _awnts
_d2019-04-05